000 00251nam a22001217a 4500
008 180212b xxu||||| |||| 00| 0 eng d
041 _aeng
080 _a7
100 _a44
101 _aART
245 _aMiszellaneen
_cBoerner,C.G
942 _2udc
_cBK
999 _c42289
_d42289